सविंधान, संस्कृति और राष्ट्र/ (Record no. 203052)
[ view plain ]
| 000 -LEADER | |
|---|---|
| fixed length control field | 00861nam a22002177a 4500 |
| 005 - DATE AND TIME OF LATEST TRANSACTION | |
| control field | 20240527114316.0 |
| 010 ## - LCCN (DPL NO) | |
| LC control number | HIN-127604 |
| 020 ## - INTERNATIONAL STANDARD BOOK NUMBER | |
| International Standard Book Number | 9789390923151 |
| Terms of availability | 300.00 |
| 035 ## - SYSTEM CONTROL NUMBER | |
| System control number | HN-99950 |
| 037 ## - SOURCE OF ACQUISITION | |
| Source of stock number/acquisition | DBAD |
| 082 ## - DEWEY DECIMAL CLASSIFICATION NUMBER | |
| Classification number | 320.54 |
| 100 ## - MAIN ENTRY--PERSONAL NAME | |
| Personal name | मिश्र, कलराज |
| 245 ## - TITLE STATEMENT | |
| Title | सविंधान, संस्कृति और राष्ट्र/ |
| Statement of responsibility, etc | कलराज मिश्र |
| 250 ## - EDITION STATEMENT | |
| Edition statement | 1 |
| 260 ## - PUBLICATION, DISTRIBUTION, ETC. (IMPRINT) | |
| Place of publication, distribution, etc | नई दिल्ली, |
| Name of publisher, distributor, etc | प्रभात प्रकाशन प्रा. लि. |
| Date of publication, distribution, etc | 2021 |
| 270 ## - ADDRESS | |
| Address | 4/19 आसफ अली रोड, |
| City | नई दिल्ली |
| Postal code | 110002 |
| 300 ## - PHYSICAL DESCRIPTION | |
| Extent | 152पृ. |
| Dimensions | 22 सेमी.(सजिल्द) |
| 650 ## - SUBJECT ADDED ENTRY--TOPICAL TERM | |
| Topical term or geographic name as entry element | हिन्दी |
| 700 ## - ADDED ENTRY--PERSONAL NAME | |
| Personal name | मिश्र, कलराज |
| 9 (RLIN) | 66436 |
| 942 ## - ADDED ENTRY ELEMENTS (KOHA) | |
| Source of classification or shelving scheme | Dewey Decimal Classification |
| Item type | Hindi Books |
| Classification part | 320.54 |
| Call number suffix | मिश्रक |
| Withdrawn status | Lost status | Not for loan | Collection code | Home library | Current library | Date acquired | Source of acquisition | Cost, normal purchase price | Full call number | Barcode | Copy number | Cost, replacement price | Koha item type |
|---|---|---|---|---|---|---|---|---|---|---|---|---|---|
| Non-fiction | Ashok Vihar | Ashok Vihar | 20/05/2024 | DBAD | 300.00 | 320.54 मिश्रक | HN-99950 | 1 | 300.00 | Hindi Books |
